[Event "XXIV Open"]
[Site "Cappelle La Grande FRA"]
[Date "2008.02.19"]
[Round "5"]
[White "Miroshnichenko,E"]
[Black "Marville,G"]
[Result "1-0"]
[WhiteElo "2647"]
[BlackElo "2074"]
[EventDate "2008.02.16"]

1. d4 d5 2. Nf3 Nf6 3. c4 e6 4. g3 c6 5. Bg2 Nbd7 6. O-O Bd6 7. Nc3 O-O 8.
Nd2 Re8 9. e4 dxe4 10. Ndxe4 Nxe4 11. Nxe4 Nf6 12. Nxd6 Qxd6 13. Bf4 Qb4
14. Qc2 Nd7 15. a3 Qb6 16. c5 Qd8 17. Rfe1 Nf6 18. Be5 Nd5 19. Be4 h6 20.
Bh7+ Kh8 21. Bd3 b6 22. Qe2 Bb7 23. Rad1 b5 24. Bc2 a5 25. g4 Kg8 26. Qd3
g6 27. Qg3 Kh7 28. Rd3 Rg8 29. g5 h5 30. Rf3 Qe7 31. Qh4 1-0

[Event "XXIV Open"]
[Site "Cappelle La Grande FRA"]
[Date "2008.02.19"]
[Round "5"]
[White "Hammer,J"]
[Black "Sandipan,C"]
[Result "1/2-1/2"]
[WhiteElo "2441"]
[BlackElo "2593"]
[EventDate "2008.02.16"]

1. e4 e5 2. Nf3 d6 3. d4 exd4 4. Nxd4 Nf6 5. Nc3 Be7 6. Bf4 O-O 7. Qd2 Nc6
8. O-O-O Nxd4 9. Qxd4 Be6 10. Bc4 c5 11. Qd3 Ng4 12. Bg3 Bh4 13. Bxe6 fxe6
14. Qxd6 Qxd6 15. Rxd6 Nxf2 16. Re1 Bxg3 17. hxg3 Rad8 18. Rxe6 Ng4 19. e5
Rd7 20. Ne4 b6 21. a4 h6 22. a5 Kf7 23. Rd6 Nxe5 24. axb6 axb6 25. Rxb6 Ra8
26. Nd6+ Rxd6 27. Rxd6 Ra1+ 28. Kd2 Nc4+ 29. Kc3 Rxe1 30. Kxc4 Re2 31. c3
Rxb2 32. Kxc5 Rxg2 33. Rd3 1/2-1/2

[Event "XXIV Open"]
[Site "Cappelle La Grande FRA"]
[Date "2008.02.19"]
[Round "5"]
[White "Tomczak,J"]
[Black "Spraggett,K"]
[Result "0-1"]
[WhiteElo "2433"]
[BlackElo "2588"]
[EventDate "2008.02.16"]

1. e4 c5 2. Nf3 e6 3. d4 cxd4 4. Nxd4 Nf6 5. Nc3 d6 6. Be2 a6 7. O-O Be7 8.
f4 Qc7 9. Be3 O-O 10. g4 d5 11. exd5 Nxd5 12. Nxd5 exd5 13. Bf3 Rd8 14. Qd2
Nc6 15. Rad1 Bd7 16. c3 Na5 17. Qg2 Nc4 18. Bc1 Nb6 19. f5 Bf6 20. Be2 Re8
21. g5 Be5 22. g6 f6 23. gxh7+ Kh8 24. Kh1 Bxd4 25. Rxd4 Rxe2 26. Qxe2 Bb5
27. Qf3 Bxf1 28. Qxf1 Re8 29. Bf4 Qe7 30. b3 Nd7 31. Kg2 Nc5 32. Rxd5 Qe4+
33. Qf3 Qc2+ 34. Rd2 Qxf5 35. Bg3 Qg6 36. c4 Ne4 37. Re2 f5 38. Kh1 Rd8 39.
Rg2 Qe6 40. Bf4 Rd7 41. Bc1 Qc6 42. Be3 Qf6 43. Qh5 Qa1+ 44. Rg1 Qe5 45.
Bf4 Qe6 46. Qf3 Kxh7 47. h3 g6 48. Kh2 Qf6 49. Bc1 Kg8 50. Qg2 Kf7 51. Bf4
Rd3 52. b4 Rd4 53. Qe2 Qe6 54. Rc1 g5 55. Qh5+ Qg6 56. Qxg6+ Kxg6 57. Be3
Rd3 58. Re1 Rc3 59. h4 Rc2+ 60. Kg1 gxh4 61. c5 h3 62. Bd4 Rg2+ 0-1

[Event "XXIV Open"]
[Site "Cappelle La Grande FRA"]
[Date "2008.02.19"]
[Round "5"]
[White "L'Ami,E"]
[Black "Sher,M"]
[Result "1-0"]
[WhiteElo "2581"]
[BlackElo "2420"]
[EventDate "2008.02.16"]

1. d4 e6 2. c4 Bb4+ 3. Nc3 c5 4. Nf3 Nf6 5. g3 cxd4 6. Nxd4 Ne4 7. Qd3
Bxc3+ 8. bxc3 Nc5 9. Qf3 d6 10. Bg2 Nbd7 11. Qg4 O-O 12. Bh6 Qf6 13. Bg5
Qg6 14. Qh4 f6 15. Be3 a6 16. O-O Qf7 17. Nb3 Qe7 18. Qd4 Na4 19. Rfd1 Ne5
20. Rab1 Re8 21. Na5 Qc7 22. Nxb7 Bxb7 23. Bxb7 Rab8 24. Bxa6 Rxb1 25. Rxb1
Nc5 26. Bb5 Ra8 27. a4 Nxa4 28. Ra1 Nb6 29. Rxa8+ Nxa8 30. c5 dxc5 31. Qxc5
Qxc5 32. Bxc5 Nc7 33. Ba4 Nd5 34. Bd4 Nc4 35. e4 Ndb6 36. Bc6 Kf7 37. f4
Nc8 38. Kf2 Ne7 39. Bb5 Nd6 40. Bd3 f5 41. exf5 Ndxf5 42. Bc5 g6 43. g4 Ng7
44. Kf3 Ne8 45. c4 Nf6 46. Bb4 Nc6 47. Bc3 h5 48. h3 hxg4+ 49. hxg4 Nd7 50.
Be4 Ncb8 51. Bd4 Na6 52. g5 Nac5 53. Bxc5 Nxc5 54. Ke3 1-0

[Event "XXIV Open"]
[Site "Cappelle La Grande FRA"]
[Date "2008.02.19"]
[Round "5"]
[White "Mamedov,Nid"]
[Black "Dembo,Y"]
[Result "1/2-1/2"]
[WhiteElo "2574"]
[BlackElo "2427"]
[EventDate "2008.02.16"]

1. e4 c5 2. Nf3 Nc6 3. d4 cxd4 4. Nxd4 Nf6 5. Nc3 d6 6. Bg5 Bd7 7. Nb3 e6
8. Nb5 Qb8 9. Bxf6 gxf6 10. Qh5 a6 11. Nc3 b5 12. O-O-O Qb6 13. Rd2 b4 14.
Nd1 a5 15. Kb1 a4 16. Nc1 Qa5 17. Qxa5 Nxa5 18. f4 Bc6 19. Bd3 Be7 20. Ne3
Bd8 21. Re1 Kf8 22. Nc4 Bc7 23. Nxa5 Rxa5 24. Ne2 Bb6 25. Ng1 1/2-1/2

[Event "XXIV Open"]
[Site "Cappelle La Grande FRA"]
[Date "2008.02.19"]
[Round "5"]
[White "Rozentalis,E"]
[Black "Pitl,G"]
[Result "1-0"]
[WhiteElo "2567"]
[BlackElo "2405"]
[EventDate "2008.02.16"]

1. e4 e5 2. Nf3 Nf6 3. Nc3 Nc6 4. Bb5 Nd4 5. Ba4 c6 6. O-O Qa5 7. Re1 d6 8.
h3 Be7 9. d3 b5 10. Bb3 Nxb3 11. cxb3 O-O 12. d4 b4 13. Na4 Bb7 14. dxe5
dxe5 15. Bg5 Rfd8 16. Qc2 c5 17. Nxe5 c4 18. Bxf6 Bxf6 19. Nxc4 Qh5 20. Qe2
Qg5 21. Qg4 Qb5 22. Rad1 h5 23. Qf4 1-0

[Event "XXIV Open"]
[Site "Cappelle La Grande FRA"]
[Date "2008.02.19"]
[Round "5"]
[White "Dervishi,E"]
[Black "Rojas,L"]
[Result "1-0"]
[WhiteElo "2543"]
[BlackElo "2414"]
[EventDate "2008.02.16"]

1. e4 e6 2. d4 d5 3. Nd2 c5 4. exd5 Qxd5 5. Ngf3 cxd4 6. Bc4 Qd6 7. O-O Nf6
8. Nb3 Nc6 9. Nbxd4 Nxd4 10. Nxd4 a6 11. Bb3 Bd7 12. Re1 O-O-O 13. Bg5 Qc5
14. Be3 Qc7 15. Qe2 e5 16. Nf3 Bb5 17. c4 Bc6 18. h3 h6 19. Bc2 g6 20. a3
Bg7 21. Rad1 Nh5 22. b4 Nf4 23. Bxf4 exf4 24. Rxd8+ Rxd8 25. b5 axb5 26.
cxb5 Bxf3 27. gxf3 Bd4 28. Bb3 Kb8 29. Qe4 g5 30. Re2 f6 31. Kg2 h5 32. a4
g4 33. fxg4 hxg4 34. hxg4 f3+ 35. Qxf3 Rh8 36. Rc2 Qh2+ 37. Kf1 Rh3 38. Qd5
Bb6 39. a5 Bxa5 40. Qg8+ Ka7 41. b6+ Kxb6 42. Qd8+ Ka6 43. Bc4+ b5 44. Qc8+
Kb6 45. Bd5 1-0

[Event "XXIV Open"]
[Site "Cappelle La Grande FRA"]
[Date "2008.02.19"]
[Round "5"]
[White "Sumets,A"]
[Black "Martinez Martin,D"]
[Result "0-1"]
[WhiteElo "2541"]
[BlackElo "2395"]
[EventDate "2008.02.16"]

1. d4 Nf6 2. c4 g6 3. Nc3 Bg7 4. Nf3 O-O 5. Bf4 d6 6. h3 c6 7. e3 a6 8. Be2
b5 9. O-O Nbd7 10. Rc1 Bb7 11. a3 Qb6 12. Qc2 bxc4 13. Bxc4 c5 14. d5 Rab8
15. e4 Ba8 16. Rb1 Qb7 17. Qd2 Nb6 18. Ba2 Rfe8 19. Rfe1 c4 20. Bh6 e5 21.
dxe6 Rxe6 22. Bxg7 Kxg7 23. Qd4 Qc6 24. Ng5 Re5 25. Nf3 Qc5 26. Qxc5 Rxc5
27. Rbd1 d5 28. e5 Ne4 29. Nd4 Nxc3 30. bxc3 Ra5 31. Bb1 Rxa3 32. Bc2 Nd7
33. e6 Nc5 34. exf7 Kxf7 35. Re3 Ne4 36. Bxe4 dxe4 37. Nc2 Ra4 38. Rd7+ Kg8
39. Nb4 Ra1+ 40. Kh2 a5 41. Na6 Rf8 42. Re2 Rc1 43. Nc5 Rxc3 44. Nxe4 Bxe4
45. Rxe4 Rf7 46. Rd2 Ra7 47. h4 a4 48. h5 a3 49. Ra2 Ra5 50. g4 gxh5 0-1

[Event "XXIV Open"]
[Site "Cappelle La Grande FRA"]
[Date "2008.02.19"]
[Round "5"]
[White "Mogranzini,R"]
[Black "Kharitonov,Alexandr"]
[Result "1/2-1/2"]
[WhiteElo "2401"]
[BlackElo "2524"]
[EventDate "2008.02.16"]

1. e4 c6 2. d4 d5 3. e5 Bf5 4. h4 h6 5. g4 Bd7 6. Nd2 c5 7. dxc5 Qc7 8. f4
e6 9. Nb3 Bxc5 10. Nxc5 Qxc5 11. Nf3 Ne7 12. h5 Bb5 13. Bh3 Nbc6 14. c3 a5
15. a3 a4 16. Nd4 Nxd4 17. cxd4 Qb6 18. Be3 Nc6 19. Rc1 Bc4 20. Rh2 Qa5+
21. Kf2 O-O-O 22. Kg3 Kb8 23. Rf2 1/2-1/2

[Event "XXIV Open"]
[Site "Cappelle La Grande FRA"]
[Date "2008.02.19"]
[Round "5"]
[White "Kosten,A"]
[Black "Czerwonski,A"]
[Result "0-1"]
[WhiteElo "2511"]
[BlackElo "2388"]
[EventDate "2008.02.16"]

1. c4 e5 2. g3 c5 3. Bg2 g6 4. Nc3 Bg7 5. a3 Nc6 6. b4 d6 7. Rb1 Nge7 8. d3
O-O 9. Nf3 cxb4 10. axb4 d5 11. cxd5 Nxd5 12. Nxd5 Qxd5 13. O-O Qb5 14. Ba3
Bg4 15. Rc1 e4 16. dxe4 Nxb4 17. Nd4 Qb6 18. Rc4 a5 19. Bxb4 axb4 20. Qd2
Rfd8 21. e3 Bf8 22. Qb2 Be6 23. Nxe6 Qxe6 24. Rd4 Rdc8 25. e5 Ra5 26. Rfd1
Qxe5 27. Qb1 Rc7 28. Bd5 Rd7 29. Qb3 Ra3 30. Qc4 Rc3 31. Qb5 Qc7 32. Kg2
Rc5 33. Qa4 Ra5 34. Qb3 Qc3 35. Qb1 Bg7 36. Rc4 Raxd5 37. Rxc3 bxc3 38. Rc1
b5 39. Qe4 Rd8 40. h4 h5 41. Qb4 Rc8 42. Qb3 Rdc5 43. Rc2 Rb8 44. Qb4 Rc4
45. Qb3 Rc7 46. Qb4 Bf8 47. Qa5 Rcc8 48. Rxc3 Ra8 49. Qxb5 Rxc3 50. Qd5 Rb8
51. Qe5 Rbb3 52. Qd5 Rb2 53. g4 Rcc2 54. gxh5 Rxf2+ 55. Kg3 Rf5 0-1

[Event "XXIV Open"]
[Site "Cappelle La Grande FRA"]
[Date "2008.02.19"]
[Round "5"]
[White "Przybylski,W"]
[Black "Sergeev,Vl"]
[Result "0-1"]
[WhiteElo "2373"]
[BlackElo "2502"]
[EventDate "2008.02.16"]

1. e4 Nf6 2. e5 Nd5 3. d4 d6 4. Nf3 Bg4 5. Be2 c6 6. exd6 exd6 7. O-O Be7
8. c4 Nb6 9. Qb3 O-O 10. a4 a5 11. Be3 Na6 12. Nc3 Re8 13. Rfd1 Nb4 14. Na2
d5 15. c5 Nxa2 16. Rxa2 Nc4 17. Qxb7 Rb8 18. Qxc6 Nxe3 19. fxe3 Bf6 20. Qd6
Qxd6 21. cxd6 Rxe3 22. Bb5 Rd8 23. Kf2 Rb3 24. Ra3 Rxb2+ 25. Kg3 h5 26. Re1
Be6 27. h4 Rxd6 28. Rc3 g6 29. Rc7 Rb3 30. Kf4 Bd8 31. Ra7 Kg7 32. Rc1 Bg4
33. Ke5 Rf6 34. Kxd5 Bxf3+ 35. gxf3 Rfxf3 36. Rd1 Rb4 37. Ra6 Rf4 38. Kc5
Be7+ 39. Kd5 Bf6 40. Rxa5 Rbxd4+ 41. Rxd4 Rxd4+ 42. Kc6 Bxh4 43. Ra7 Bf2
44. Re7 Kf6 45. Re2 Rf4 46. a5 h4 47. a6 h3 48. Kb7 g5 49. Bd7 g4 50. a7
Bxa7 51. Kxa7 Kg5 52. Kb6 f5 53. Kc5 g3 54. Bc6 Rf2 55. Re8 Rd2 56. Rg8+
Kf4 57. Bb7 g2 58. Kc4 Ke3 59. Rg3+ Kf2 60. Rf3+ Ke2 0-1

[Event "XXIV Open"]
[Site "Cappelle La Grande FRA"]
[Date "2008.02.19"]
[Round "5"]
[White "Voekler,B"]
[Black "Gutman,G"]
[Result "1/2-1/2"]
[WhiteElo "2371"]
[BlackElo "2496"]
[EventDate "2008.02.16"]

1. e4 c5 2. Nf3 Nc6 3. d4 cxd4 4. Nxd4 Nf6 5. Nc3 e6 6. Ndb5 Bb4 7. a3
Bxc3+ 8. Nxc3 d5 9. exd5 exd5 10. Bd3 O-O 11. O-O d4 12. Ne4 Bf5 13. Bg5
Bxe4 14. Bxe4 Qd6 15. Bxf6 Qxf6 16. Qf3 Qxf3 17. Bxf3 Ne5 18. Bxb7 Rab8 19.
Be4 Rxb2 20. Rfb1 Rbb8 21. h3 g6 22. Rb4 Rxb4 23. axb4 Rb8 24. Ra4 Nc4 25.
Rxa7 Rxb4 26. Bd5 Nd6 27. Ra6 Nf5 28. g4 Ne7 29. Be4 g5 30. Ra7 Ng6 31.
Bxg6 hxg6 32. Ra5 Rc4 33. Rxg5 Rxc2 34. Ra5 Rd2 35. Kf1 1/2-1/2

[Event "XXIV Open"]
[Site "Cappelle La Grande FRA"]
[Date "2008.02.19"]
[Round "5"]
[White "Grandelius,N"]
[Black "Vera Gonzalez Quevedo,R"]
[Result "1/2-1/2"]
[WhiteElo "2371"]
[BlackElo "2495"]
[EventDate "2008.02.16"]

1. d4 Nf6 2. c4 e6 3. Nf3 d5 4. g3 a6 5. Bg2 dxc4 6. O-O Nc6 7. e3 Rb8 8.
Nfd2 Qd7 9. Nxc4 b5 10. Ncd2 Bb7 11. Nc3 1/2-1/2

[Event "XXIV Open"]
[Site "Cappelle La Grande FRA"]
[Date "2008.02.19"]
[Round "5"]
[White "Piorun,K"]
[Black "Banusz,T"]
[Result "1/2-1/2"]
[WhiteElo "2370"]
[BlackElo "2489"]
[EventDate "2008.02.16"]

1. e4 e5 2. Nf3 Nc6 3. Bb5 a6 4. Ba4 Nf6 5. O-O Be7 6. Re1 b5 7. Bb3 d6 8.
c3 O-O 9. d4 Bg4 10. Be3 exd4 11. cxd4 Na5 12. Bc2 c5 13. h3 Bxf3 14. Qxf3
cxd4 15. Bxd4 Nc6 16. Be3 Nb4 17. Na3 Rc8 18. Rec1 Nd7 19. Bb3 Nc5 20. Bxc5
dxc5 21. Rd1 Qc7 22. Nc2 c4 23. Nxb4 Bxb4 24. Bc2 Qe5 25. Rab1 Rcd8 26. b3
Bd2 27. bxc4 bxc4 28. Rb7 Qd4 29. Rdb1 g6 30. g3 Rd6 31. Kg2 Kg7 32. Re7
Bg5 33. Reb7 Rf6 34. Qe2 Rd8 35. Rd1 Bd2 36. Rc7 c3 37. e5 Re6 38. Bb3 Rxe5
39. Rxf7+ Kh6 40. Qxa6 Qe4+ 41. Kh2 Rf5 42. Rxf5 Qxf5 43. Qe2 Rd4 44. Kg2
c2 45. Rxd2 c1=Q 46. Qe3+ Qf4 47. Rxd4 Qfxe3 48. fxe3 Qxe3 49. Rf4 g5 50.
Rf2 Kg7 51. Bd1 Qe4+ 52. Bf3 Qd4 53. Re2 h6 1/2-1/2

[Event "XXIV Open"]
[Site "Cappelle La Grande FRA"]
[Date "2008.02.19"]
[Round "5"]
[White "Bijaoui,M"]
[Black "Mateo,Ra"]
[Result "1-0"]
[WhiteElo "2365"]
[BlackElo "2484"]
[EventDate "2008.02.16"]

1. e4 c5 2. Nf3 e6 3. d4 cxd4 4. Nxd4 a6 5. Bd3 g6 6. O-O Bg7 7. Nf3 d6 8.
c4 Nd7 9. Nc3 Bxc3 10. bxc3 Ngf6 11. Ba3 Qc7 12. Bc2 Nc5 13. Qd4 e5 14.
Nxe5 dxe5 15. Qxc5 Qxc5 16. Bxc5 Be6 17. Bd6 Bxc4 18. Bxe5 Ke7 19. Rfb1 b5
20. a4 Rhc8 21. f3 Nd7 22. Bd4 Nc5 23. axb5 Bxb5 24. Rxb5 axb5 25. Rxa8
Rxa8 26. Bxc5+ Kd7 27. Bb3 Ra1+ 28. Kf2 Rc1 29. Bb4 f6 30. f4 Rb1 31. Bf7
1-0

[Event "XXIV Open"]
[Site "Cappelle La Grande FRA"]
[Date "2008.02.19"]
[Round "5"]
[White "Van der Weide,K"]
[Black "Lorscheid,G"]
[Result "1-0"]
[WhiteElo "2483"]
[BlackElo "2335"]
[EventDate "2008.02.16"]

1. e4 d6 2. Nc3 e5 3. f4 exf4 4. Nf3 Be7 5. Bc4 Bh4+ 6. Kf1 Bg4 7. d4 Nc6
8. Bxf4 Nf6 9. Qd2 Bxf3 10. gxf3 Qd7 11. Ke2 O-O-O 12. Rag1 Nh5 13. Be3 f5
14. Kd1 Rhf8 15. Bb5 a6 16. Ba4 b5 17. Nxb5 axb5 18. Bxb5 d5 19. Qc3 Kb7
20. Qb3 dxe4 21. Bc4+ Ka8 22. d5 Na7 23. Kc1 Be7 24. Bxa7 Kxa7 25. Bb5 Qxd5
26. Qa4+ Kb6 27. Qa6+ Kc5 28. c3 Qd2+ 29. Kb1 Rd6 30. Qa5 Rd5 31. Rd1 Qxd1+
32. Rxd1 Rxd1+ 33. Kc2 Rh1 34. Bc4+ 1-0

[Event "XXIV Open"]
[Site "Cappelle La Grande FRA"]
[Date "2008.02.19"]
[Round "5"]
[White "Danielian,E"]
[Black "Hirneise,T"]
[Result "1-0"]
[WhiteElo "2480"]
[BlackElo "2324"]
[EventDate "2008.02.16"]

1. d4 Nf6 2. Nf3 g6 3. c4 Bg7 4. Nc3 O-O 5. Bg5 d6 6. e3 c5 7. d5 h6 8. Bh4
g5 9. Bg3 Nh5 10. Qc2 f5 11. Be2 Qe8 12. O-O-O Na6 13. a3 Nc7 14. Nd2 Nxg3
15. hxg3 Bd7 16. f4 b5 17. cxb5 Nxb5 18. Bxb5 Bxb5 19. fxg5 Rb8 20. gxh6
Bf6 21. Nf3 Bc4 22. Qxf5 Kh8 23. Ng5 Bxg5 24. Qxg5 Rg8 25. Qf4 Bb3 26. Rdf1
Qg6 27. e4 Qxg3 28. Qxg3 Rxg3 29. Rf2 Bc4 30. Rh4 Ba6 31. Rhf4 Rg6 32. Rf8+
Rxf8 33. Rxf8+ Kh7 34. Rf7+ Kxh6 35. Rxe7 Rxg2 36. e5 dxe5 37. d6 Rg1+ 38.
Kd2 Rg2+ 39. Ke3 Bc8 40. d7 Bxd7 41. Rxd7 Rxb2 42. Rxa7 c4 43. a4 Rb3 44.
Kd2 Rb2+ 45. Kc1 Rf2 46. Rc7 1-0

[Event "XXIV Open"]
[Site "Cappelle La Grande FRA"]
[Date "2008.02.19"]
[Round "5"]
[White "Mannion,S"]
[Black "Yandemirov,V"]
[Result "1/2-1/2"]
[WhiteElo "2347"]
[BlackElo "2461"]
[EventDate "2008.02.16"]

1. e4 e5 2. Nf3 Nc6 3. Bb5 a6 4. Ba4 d6 5. O-O Bg4 6. h3 h5 7. Bxc6+ bxc6
8. d4 Bxf3 9. Qxf3 exd4 10. c3 Qf6 11. Qxf6 Nxf6 12. cxd4 g6 13. Nc3 Bg7
14. Be3 Kd7 15. f3 Rab8 16. Bf2 1/2-1/2

[Event "XXIV Open"]
[Site "Cappelle La Grande FRA"]
[Date "2008.02.19"]
[Round "5"]
[White "Sokolov,And1"]
[Black "Chetverik,M"]
[Result "1-0"]
[WhiteElo "2594"]
[BlackElo "2322"]
[EventDate "2008.02.16"]

1. e4 Nf6 2. e5 Nd5 3. d4 d6 4. Nf3 dxe5 5. Nxe5 c6 6. c3 Nd7 7. Nf3 N7f6
8. Nbd2 Bf5 9. Ne5 e6 10. g4 Be4 11. Nxe4 Nxe4 12. Bg2 Nd6 13. O-O Be7 14.
c4 Nc7 15. b3 O-O 16. Bf4 Bg5 17. Qd2 Bxf4 18. Qxf4 Qe7 19. Rfe1 a5 20.
Rad1 a4 21. d5 cxd5 22. cxd5 f6 23. Nd7 e5 24. Nxf8 Qxf8 25. Qb4 axb3 26.
axb3 Ncb5 27. f4 Ra2 28. Rd2 Rxd2 29. Qxd2 Nf7 30. g5 Qc5+ 31. Kh1 Kf8 32.
gxf6 gxf6 33. fxe5 fxe5 34. Rf1 Nbd6 35. Qh6+ Kg8 36. Qe6 Qb4 37. Qe7 Qd2
38. Rg1 Qh6 39. Bh3+ Kh8 40. Be6 1-0

[Event "XXIV Open"]
[Site "Cappelle La Grande FRA"]
[Date "2008.02.19"]
[Round "5"]
[White "Popilski,G"]
[Black "Erdos,V"]
[Result "1/2-1/2"]
[WhiteElo "2271"]
[BlackElo "2575"]
[EventDate "2008.02.16"]

1. e4 e6 2. d4 d5 3. Nc3 Nf6 4. e5 Nfd7 5. f4 c5 6. Nf3 Nc6 7. Be3 Rb8 8.
Qd2 Qa5 9. dxc5 Bxc5 10. Bxc5 Qxc5 11. Ne2 b5 12. Ned4 Nxd4 13. Nxd4 b4 14.
a3 a5 15. Nb3 Qb6 16. axb4 axb4 17. Qd4 f6 1/2-1/2

[Event "XXIV Open"]
[Site "Cappelle La Grande FRA"]
[Date "2008.02.19"]
[Round "5"]
[White "Bacon,N"]
[Black "Shengelia,D"]
[Result "0-1"]
[WhiteElo "2270"]
[BlackElo "2568"]
[EventDate "2008.02.16"]

1. e4 c5 2. Nf3 d6 3. d4 cxd4 4. Nxd4 Nf6 5. Nc3 Nc6 6. Bc4 e6 7. Bb3 a6 8.
Be3 Qc7 9. Qe2 Na5 10. g4 b5 11. g5 Nd7 12. O-O-O Nc5 13. Kb1 b4 14. Na4
Bd7 15. Nxc5 dxc5 16. Nf3 Bb5 17. Qd2 c4 18. Bf4 Qb7 19. Bd6 Bxd6 20. Qxd6
cxb3 21. axb3 Qe7 22. Qb6 Nc6 0-1

[Event "XXIV Open"]
[Site "Cappelle La Grande FRA"]
[Date "2008.02.19"]
[Round "5"]
[White "Kulaots,K"]
[Black "Lacrosse,M"]
[Result "1/2-1/2"]
[WhiteElo "2533"]
[BlackElo "2259"]
[EventDate "2008.02.16"]

1. e4 e5 2. Nf3 Nc6 3. Bb5 a6 4. Ba4 Nf6 5. O-O Nxe4 6. d4 b5 7. Bb3 d5 8.
dxe5 Be6 9. Nbd2 Be7 10. c3 O-O 11. Bc2 f5 12. Nb3 Qd7 13. Nfd4 Nxd4 14.
Nxd4 c5 15. Nxe6 Qxe6 16. f3 Ng5 17. a4 Rad8 18. axb5 axb5 19. Kh1 f4 20.
Qe2 Qc6 21. Ra7 Qe8 22. Rd1 Ne6 23. Ra6 Qd7 24. b3 g6 25. Ra5 Rb8 26. Bd3
Nc7 27. c4 bxc4 28. bxc4 d4 29. Qe4 Ne6 30. Ra6 Kg7 31. Qd5 Qxd5 32. cxd5
Nc7 33. Ra7 Nxd5 34. Bc4 Rfd8 35. Bxd5 Rxd5 36. Rxe7+ Kf8 37. Rc7 Rb1 38.
Kg1 d3 39. Kf2 Rxe5 40. Rc8+ Kf7 41. Rc7+ Ke6 42. Rc6+ Kf7 43. Rc7+ Ke6 44.
Rc6+ Kf7 1/2-1/2

[Event "XXIV Open"]
[Site "Cappelle La Grande FRA"]
[Date "2008.02.19"]
[Round "5"]
[White "Hebden,M"]
[Black "Houriez,C"]
[Result "1/2-1/2"]
[WhiteElo "2530"]
[BlackElo "2255"]
[EventDate "2008.02.16"]

1. d4 Nf6 2. Nf3 g6 3. Nc3 d5 4. Bf4 Bg7 5. Qd2 Ne4 6. Nxe4 dxe4 7. Ne5 Nd7
8. Nxd7 Qxd7 9. e3 O-O 10. Qc3 c6 11. a4 Qf5 12. Be2 c5 13. Be5 Bxe5 14.
dxe5 b6 15. O-O Bb7 16. a5 Qe6 17. Rfd1 Rad8 18. Bc4 Qc6 19. Be2 Qc8 20.
axb6 Rxd1+ 21. Rxd1 axb6 22. Qb3 Qc7 23. Qc3 Rd8 24. Rxd8+ Qxd8 25. h3 Bd5
26. Qd2 Qa8 27. Kh2 Be6 28. f4 exf3 29. gxf3 Qd5 30. Qxd5 Bxd5 31. Kg3 f6
32. exf6 exf6 33. h4 Kf7 34. Bd3 h6 35. f4 g5 36. e4 Be6 37. c3 Bd7 38.
Bc4+ Ke7 39. Bd5 Bc8 40. Bg8 gxf4+ 41. Kxf4 Kd6 42. Bh7 Be6 43. Bf5 Bf7 44.
Bc8 Bg6 45. Bb7 Ke7 46. Bd5 Bh7 47. b4 cxb4 48. cxb4 Kd6 49. Bc4 Ke7 50. h5
Kd6 51. Bf7 Ke7 52. Bb3 Kd6 53. Bc4 Ke7 54. Ke3 Kd7 55. Kd4 Kd6 56. Bd5 Ke7
57. Bb3 1/2-1/2

[Event "XXIV Open"]
[Site "Cappelle La Grande FRA"]
[Date "2008.02.19"]
[Round "5"]
[White "Maiorov,N1"]
[Black "Strunski,A"]
[Result "1-0"]
[WhiteElo "2525"]
[BlackElo "2245"]
[EventDate "2008.02.16"]

1. d4 d5 2. c4 c6 3. Nc3 Nf6 4. e3 Nbd7 5. Nf3 e6 6. Qc2 Bd6 7. b3 O-O 8.
Be2 b6 9. O-O Bb7 10. Bb2 Qe7 11. Rac1 Rac8 12. Qb1 Rfe8 13. cxd5 exd5 14.
Rfe1 Ng4 15. Bd3 Ndf6 16. h3 Nh6 17. e4 dxe4 18. Nxe4 Bf4 19. d5 Nxe4 20.
Bxe4 Qd7 21. Bxh7+ Kh8 22. Rc4 Qd6 23. dxc6 Rxe1+ 24. Nxe1 Rxc6 25. Be4
Rxc4 26. bxc4 Ba6 27. Bd5 Bc8 28. Qe4 Bf5 29. Qe8+ Kh7 30. g3 Qb4 31. Bd4
Qd2 32. Nf3 Bd6 33. Nxd2 1-0

[Event "XXIV Open"]
[Site "Cappelle La Grande FRA"]
[Date "2008.02.19"]
[Round "5"]
[White "Hrabinska,M"]
[Black "Shalnev,N"]
[Result "1-0"]
[WhiteElo "2263"]
[BlackElo "2497"]
[EventDate "2008.02.16"]

1. e4 c5 2. Nf3 d6 3. d4 cxd4 4. Nxd4 Nf6 5. Nc3 a6 6. Bg5 e6 7. f4 Qb6 8.
Qd2 Qxb2 9. Rb1 Qa3 10. f5 Nc6 11. fxe6 fxe6 12. Nxc6 bxc6 13. e5 Nd5 14.
Nxd5 cxd5 15. Bd3 dxe5 16. O-O Ra7 17. Kh1 Qc5 18. c4 d4 19. Qe2 e4 20.
Qxe4 Qxg5 21. Rb8 Kd8 22. Qxe6 Rd7 23. Bf5 Qxf5 24. Qxf5 Bd6 25. Qa5+ Rc7
26. Qxa6 Bc5 27. Rf7 Rf8 28. Rxf8+ Bxf8 29. Qe6 1-0

[Event "XXIV Open"]
[Site "Cappelle La Grande FRA"]
[Date "2008.02.19"]
[Round "5"]
[White "Kasparov,S"]
[Black "Steenbekkers,F"]
[Result "1-0"]
[WhiteElo "2458"]
[BlackElo "2217"]
[EventDate "2008.02.16"]

1. e4 e6 2. d4 d5 3. Nd2 h6 4. c3 c5 5. Ngf3 Nf6 6. exd5 exd5 7. Bb5+ Bd7
8. Qe2+ Be7 9. dxc5 O-O 10. Nb3 Re8 11. Be3 a5 12. a4 Na6 13. Bxa6 Rxa6 14.
O-O Bg4 15. Rfd1 Qc8 16. Rac1 Ne4 17. Rxd5 Rg6 18. Re5 Bh4 19. Rxe8+ Qxe8
20. Nbd4 Bf6 21. Bf4 Bxd4 22. cxd4 Qc6 23. Qe3 Bh3 24. Bg3 Ng5 25. Qd3
Nxf3+ 26. Qxf3 Qxf3 27. gxf3 h5 28. Kh1 Be6 29. h4 Bd5 30. Rc3 Rf6 31. Kg2
Rf5 32. Bc7 f6 33. Bxa5 Rf4 34. Rd3 g5 35. Bc7 Rxh4 36. Bg3 1-0

[Event "XXIV Open"]
[Site "Cappelle La Grande FRA"]
[Date "2008.02.19"]
[Round "5"]
[White "Lallemand,R"]
[Black "Smith,Ax"]
[Result "1/2-1/2"]
[WhiteElo "2246"]
[BlackElo "2458"]
[EventDate "2008.02.16"]

1. e4 e5 2. Nf3 Nc6 3. Bc4 Nf6 4. d3 Be7 5. c3 O-O 6. Bb3 d5 7. Nbd2 Re8 8.
O-O Bf8 9. h3 Na5 10. Ba4 c6 11. Bc2 c5 12. Re1 Nc6 13. exd5 Nxd5 14. Nc4
Qc7 15. d4 cxd4 16. cxd4 Nxd4 17. Nxd4 Qxc4 18. Bb3 Qc5 19. Nf3 Be6 20.
Nxe5 Rad8 21. Qf3 Qa5 22. Bg5 Be7 23. Nxf7 Bxf7 24. Rxe7 Rxe7 25. Bxe7 Re8
26. Bh4 Re1+ 27. Rxe1 Qxe1+ 28. Kh2 Qe6 29. Qg3 Qc8 30. Qd3 Qc6 31. Bg3 a6
32. Qd4 Qb6 33. Qg4 Qd8 34. Qd4 Qb6 35. Qe4 Nf6 36. Bxf7+ Kxf7 37. Qc4+ Qe6
38. Qc7+ Qd7 39. Qb8 Qb5 40. b3 Qc6 41. Bf4 Ne4 42. Be3 g6 43. Qf4+ Ke6 44.
f3 Nf6 45. Bd4 Nd7 46. Qe4+ Qxe4 47. fxe4 Ne5 48. Kg3 Nd3 49. Kg4 Nc1 50.
Kg5 Nxa2 51. Kh6 Nc1 52. b4 Nd3 53. Kxh7 Kf7 54. Bc3 Nf4 55. Bd2 Nxg2 56.
e5 Nh4 57. Bg5 Nf3 58. e6+ Kxe6 59. Kxg6 b6 60. Bd8 Ne5+ 61. Kg7 Nc6 62.
Bxb6 Nxb4 63. h4 Nd5 64. h5 Ne7 65. Bd8 Nf5+ 66. Kg6 a5 67. Bxa5 Ne7+ 68.
Kg7 Nf5+ 69. Kf8 Kf6 70. Bd8+ Ke5 71. Kf7 Nd6+ 72. Kg6 Nf5 73. Bg5 Ke6 74.
Bd8 Ke5 75. Bf6+ Ke6 76. Kg5 Ng3 77. Bb2 1/2-1/2

[Event "XXIV Open"]
[Site "Cappelle La Grande FRA"]
[Date "2008.02.19"]
[Round "5"]
[White "Kostiuk,T"]
[Black "Klovans,J"]
[Result "0-1"]
[WhiteElo "2227"]
[BlackElo "2447"]
[EventDate "2008.02.16"]

1. d4 Nf6 2. c4 e6 3. Nc3 d5 4. Bg5 Be7 5. e3 h6 6. Bh4 O-O 7. Rc1 b6 8.
cxd5 exd5 9. Bd3 Bb7 10. Nge2 Nbd7 11. O-O c5 12. Bb1 Re8 13. Qd3 Rc8 14.
Rfd1 cxd4 15. exd4 Nf8 16. Bg3 Ne4 17. Bf4 Ng6 18. f3 Nxf4 19. Nxf4 Bg5 20.
Nce2 Rxc1 21. Rxc1 Nf6 22. g3 Qd6 23. Kf2 Kf8 24. a3 Qe7 25. Rd1 h5 26. Ba2
h4 27. Bb3 Ba6 28. Qxa6 Qe3+ 29. Kg2 Qxb3 30. Qd3 Qxb2 31. Rd2 Qa1 32. Rd1
Qa2 33. Rd2 Qc4 34. Rc2 Qa4 35. Rc7 Bxf4 36. Nxf4 hxg3 37. hxg3 Qa5 38. g4
Qe1 39. g5 Nh5 40. Nxh5 Re2+ 41. Qxe2 Qxe2+ 42. Kg3 Qe1+ 0-1

[Event "XXIV Open"]
[Site "Cappelle La Grande FRA"]
[Date "2008.02.19"]
[Round "5"]
[White "Carton,C"]
[Black "Khurtsidze,N"]
[Result "0-1"]
[WhiteElo "2221"]
[BlackElo "2441"]
[EventDate "2008.02.16"]

1. e4 c5 2. Nf3 e6 3. d4 cxd4 4. Nxd4 a6 5. Bd3 Nf6 6. O-O d6 7. f4 Nbd7 8.
Kh1 g6 9. Qe2 Bg7 10. Be3 O-O 11. Nd2 Re8 12. N4b3 Qc7 13. a4 b6 14. a5 b5
15. c4 b4 16. Ra4 Rb8 17. Bc2 e5 18. fxe5 Rxe5 19. Rd1 Rh5 20. Nf3 Ng4 21.
Bf4 Nde5 22. Nxe5 Bxe5 23. Bxe5 Nxe5 24. Nd2 d5 25. exd5 Bg4 26. d6 Qxd6
27. Ne4 Qc6 28. Qe1 Bxd1 29. Bxd1 Nd3 30. Qg3 Re5 0-1